Η παραστατική απεικόνιση και η εικονογράφηση (illustration) ως επικοινωνιακά μέσα : σχεδίαση εικονογράφησης : διπλωματική εργασία

Παρουσίαση της χρηστικότητας και εφαρμογής της εικόνας (παραστατικής απεικόνισης) ως επικοινωνιακό μέσο πέρα από τις όποιες καλλιτεχνικές της εφαρμογές. θα μελετηθεί η παρουσία της παραστατικής απεικόνισης στην ιστορία της τέχνης. Στόχοι και χρησιμότητα της παραστατικής απεικόνισης. Εφαρμογές της πα...

Πλήρης περιγραφή

Αποθηκεύτηκε σε:
Λεπτομέρειες βιβλιογραφικής εγγραφής
Κύριος συγγραφέας: Αγαθοδώρου, Άννινος
Συγγραφή απο Οργανισμό/Αρχή: Πανεπιστήμιο Αιγαίου. Τμήμα Μηχανικών Σχεδίασης Προϊόντων και Συστημάτων
Άλλοι συγγραφείς: Οικονομίδου, Φλωρεντία (Εισηγητής διατριβής)
Μορφή: Thesis Βιβλίο
Γλώσσα:Greek
Δημοσίευση: 2011
Θέματα:
Διαθέσιμο Online:http://hdl.handle.net/11610/9122
Ετικέτες: Προσθήκη ετικέτας
Δεν υπάρχουν, Καταχωρήστε ετικέτα πρώτοι!

MARC

LEADER 00000cam a2200000 i 4500
001 1/14338
008 110722s2011 gre d
035 |l 10110541 
040 |a GR-MY-UA  |b gre  |e aacr 
041 0 |a gre 
082 0 |a 741.6  |2 (22) 
100 1 |a Αγαθοδώρου, Άννινος. 
245 1 2 |a Η παραστατική απεικόνιση και η εικονογράφηση (illustration) ως επικοινωνιακά μέσα :  |b σχεδίαση εικονογράφησης : διπλωματική εργασία /  |c Αγαθοδώρου Άννινος ; επιβλέπουσα καθηγήτρια: Οικονομίδου Φλωρεντία 
260 |c 2011 
300 |a 143 φύλλα;  |b εικ.;  |c 30 εκ. 
500 |a Διάθεση πλήρους κειμένου ελεύθερης πρόσβασης 
502 |a Πτυχιακή εργασία – Πανεπιστήμιο Αιγαίου, Σύρος, 2011. 
504 |a Βιβλιογραφία: σ. 139-141 
520 |a Παρουσίαση της χρηστικότητας και εφαρμογής της εικόνας (παραστατικής απεικόνισης) ως επικοινωνιακό μέσο πέρα από τις όποιες καλλιτεχνικές της εφαρμογές. θα μελετηθεί η παρουσία της παραστατικής απεικόνισης στην ιστορία της τέχνης. Στόχοι και χρησιμότητα της παραστατικής απεικόνισης. Εφαρμογές της παραστατικής απεικόνισης. Επιρροή της ανάπτυξης του βιβλίου και των εκτυπωτικών μεθόδων στη διάδοση και τη γενική πορεία της εικονογράφισης. Ιστορία και εφαρμογές της εικονογραφικής τέχνης. Αντιμετώπιση της εικονογράφισης ως προϊόντος σχεδιαστικής διαδικασίας και ανάπτυξη μεθοδολογίας για τη σχεδίαση εικονογράφησης, για εφαρμογή από επαγγελματίες και μη εικονογράφους σε οποιοδήποτε επικοινωνιακό μέσο. 
650 0 0 |a Graphic arts  |x History. 
650 0 0 |a Illustration of books  |x History. 
650 0 0 |a Graphic design (Typography) 
650 0 0 |a Commercial art  |x History. 
650 0 0 |a Dissertations, Academic  |z Greece. 
700 1 |a Οικονομίδου, Φλωρεντία.  |4 ths 
710 2 |a Πανεπιστήμιο Αιγαίου.   |b Τμήμα Μηχανικών Σχεδίασης Προϊόντων και Συστημάτων. 
852 |a INST  |b SYROS  |c DIATR  |e 20110722  |h 741.6 ΑΓΑ  |p 005500009685  |q 005500009685  |t DIE  |y 23 
852 |a INST  |b SYROS  |c DIATR  |e 20110722  |h 741.6 ΑΓΑ  |p 005500009686  |q 005500009686  |t DIE  |y 23 
856 |u http://hdl.handle.net/11610/9122 
901 |a BIBL5-2010-2 
909 |a Ε  |b 169586 
909 |a Ε  |b 169587 
924 |a ΑΓΑΘΟΔΩΡΟΥ  |b ΑΝΝΙΝΟΣ  |y ΣΥΡΟΣ  |z 2011-03 
970 |a ΚΟΝΤΟΥ  |b ΠΑΡΑΣΚΕΥΗ  |z 2011/07/22